Statistics for Countries with the Highest Voter Turnout Rate

Click here to take the quiz!

General Stats

  • This quiz has been taken 78 times
  • The average score is 17 of 21

Answer Stats

% Country % Correct
61.1United Kingdom
93%
73.1Finland
93%
82.6Sweden
93%
77.9Norway
93%
62.1Canada
91%
66.0Germany
91%
68.5Italy
88%
71.0Netherlands
88%
71.2France
88%
80.3Denmark
88%
87.2Belgium
84%
80.0Iceland
83%
61.8Portugal
80%
62.1Greece
77%
73.2New Zealand
76%
69.3Austria
76%
80.4South Korea
76%
84.3Turkey
61%
63.4Hungary
61%
64.6Mexico
60%
76.1Israel
53%

Score Distribution

Percentile by Number Answered

Percent of People with Each Score

Your Score History

You have not taken this quiz